[Event "AUTO-ADV-1903"]
[Site "http://www.queenalice.com/game.php?id=832850"]
[Date "2010.9.14"]
[Round "1"]
[White "chaosagent"]
[Black "califkid"]
[Result "0-1"]
[WhiteElo "1697"]
[BlackElo "2053"]

1. e4 c5 2. Nf3 d6 3. d4 Nf6 4. dxc5 Qa5+ 5. Bd2 Qxc5 6. Nc3 e5 7. Be3 Qc7 8.
Bb5+ Nbd7 9. Nd5 Nxd5 10. exd5 Qa5+ 11. c3 Qxb5 0-1

[Event "AUTO-ADV-1903"]
[Site "http://www.queenalice.com/game.php?id=832851"]
[Date "2010.9.14"]
[Round "1"]
[White "califkid"]
[Black "chaosagent"]
[Result "1-0"]
[WhiteElo "2032"]
[BlackElo "1668"]

1. c4 e5 2. Nc3 Nf6 3. Nf3 Nc6 4. a3 e4 5. Ng5 Qe7 6. d3 h6 7. Ngxe4 d6 8. e3
Bf5 9. Ng3 Bg6 10. e4 O-O-O 11. Be3 Kb8 12. h3 Qd7 13. Qa4 Be7 14. Be2 Rhe8 15.
b4 a6 16. b5 Na7 17. bxa6 b6 18. Rb1 Nc6 19. O-O Ka7 20. Nb5+ Ka8 21. Nxc7+ 1-0

[Event "QA-ANNIV-06"]
[Site "http://www.queenalice.com/game.php?id=836971"]
[Date "2010.9.23"]
[Round "2"]
[White "andrealoi"]
[Black "califkid"]
[Result "1-0"]
[WhiteElo "2105"]
[BlackElo "2016"]

1. d4 d5 2. c4 c6 3. Nc3 Nf6 4. cxd5 cxd5 5. f3 e6 6. e4 Nc6 7. e5 Nd7 8. f4 Nb6
9. Nf3 Bd7 10. Bd3 g6 11. O-O Be7 12. Be3 h5 13. a3 a6 14. Qc2 Rg8 15. Ng5 Bxg5
16. fxg5 Ne7 17. Rf6 Nf5 18. Bxf5 gxf5 19. Qe2 Bc6 20. Qxh5 Qe7 21. g4 fxg4 22.
Raf1 Rf8 23. g6 1-0

[Event "QA-ANNIV-05"]
[Site "http://www.queenalice.com/game.php?id=841322"]
[Date "2010.10.3"]
[Round "6"]
[White "catfishcore"]
[Black "califkid"]
[Result "0-1"]
[WhiteElo "1658"]
[BlackElo "2004"]

1. d4 d5 2. Bf4 c5 3. b3 Bf5 4. Nf3 Nc6 5. e3 Nf6 6. a3 e6 7. Bd3 Qa5+ 8. Nc3
Qxc3+ 9. Nd2 Bxd3 10. cxd3 Qxd3 11. Nf3 Qc3+ 12. Ke2 cxd4 13. exd4 Rc8 14. Bd2
Qb2 15. b4 Nxd4+ 16. Nxd4 Qxd4 17. h3 Ne4 18. Qa4+ Ke7 19. Be3 Nc3+ 20. Kf3 Qe4+
0-1

[Event "AUTO-OPEN-2124"]
[Site "http://www.queenalice.com/game.php?id=842061"]
[Date "2010.10.5"]
[Round "1"]
[White "Claumann"]
[Black "califkid"]
[Result "1-0"]
[WhiteElo "2076"]
[BlackElo "1935"]

1. d4 d5 2. e4 c6 3. e5 Bf5 4. Nf3 e6 5. Be2 Ne7 6. O-O c5 7. c3 Nd7 8. Bg5 h6
9. Bh4 c4 10. Nbd2 Qc7 11. b3 cxb3 12. Qxb3 a6 13. c4 g5 14. cxd5 Nxd5 15. Rfc1
Qb6 16. Bg3 Bb4 17. Nc4 Qd8 18. a3 Be7 19. Qxb7 O-O 20. Ne3 Nxe3 21. fxe3 Nb6
22. Bf2 Nd5 23. Bc4 Bg6 24. Bxd5 exd5 25. Rc6 a5 26. Rc7 Rb8 27. Qc6 Rc8 28.
Rxc8 Qxc8 29. Qxd5 Kg7 30. Qxa5 Bd8 31. Qb4 Qd7 32. a4 Be7 33. Qb6 Be4 34. Nd2
Bd3 35. e4 Bd8 36. Qb3 Ba6 37. d5 Ba5 38. Qf3 1-0

[Event "AUTO-OPEN-2124"]
[Site "http://www.queenalice.com/game.php?id=842062"]
[Date "2010.10.5"]
[Round "1"]
[White "califkid"]
[Black "Claumann"]
[Result "0-1"]
[WhiteElo "1947"]
[BlackElo "2065"]

1. c4 e5 2. Nc3 Nc6 3. g3 Bc5 4. Bg2 Nf6 5. e3 d6 6. Nge2 Bg4 7. h3 Bf5 8. O-O
Bd3 9. b3 O-O 10. a3 a6 11. Re1 Re8 12. Bb2 Qd7 13. Kh2 Qf5 14. Nc1 Bc2 15. Qf3
Qxf3 16. Bxf3 e4 17. Bd1 Ne5 18. Kg2 Bd3 19. Rh1 b5 20. b4 Nxc4 21. Nxd3 exd3
22. Rb1 Nxd2 23. Ra1 Bb6 24. Nb1 Nfe4 25. Nxd2 Nxd2 26. Ra2 a5 27. Bc3 Ne4 28.
Bd2 axb4 29. Bxb4 c5 30. Bd2 Nxd2 31. Rxd2 Rxa3 32. Bf3 Re5 33. Rhd1 c4 34. Bc6
Ba5 35. Rb2 b4 36. Rbb1 c3 0-1

[Event "AUTO-OPEN-2124"]
[Site "http://www.queenalice.com/game.php?id=842091"]
[Date "2010.10.5"]
[Round "1"]
[White "califkid"]
[Black "theodorowicz"]
[Result "0-1"]
[WhiteElo "2006"]
[BlackElo "1522"]

1. c4 c6 2. e4 h5 3. d4 a6 4. Be2 g6 5. Nc3 b5 6. e5 e6 7. Nf3 Bb4 8. Bg5 Qa5 9.
O-O bxc4 10. Bxc4 Bxc3 11. bxc3 Qxc3 12. Bb3 d5 13. exd6 f6 14. Rc1 Qa5 15. d5
fxg5 16. dxc6 Nf6 17. Re1 O-O 18. Re5 Qb6 19. c7 Ng4 20. Re2 Bd7 21. cxb8=Q
Raxb8 22. h3 Nxf2 23. Rxf2 g4 24. Rc2 g3 0-1

[Event "AUTO-OPEN-2124"]
[Site "http://www.queenalice.com/game.php?id=842092"]
[Date "2010.10.5"]
[Round "1"]
[White "theodorowicz"]
[Black "califkid"]
[Result "0-1"]
[WhiteElo "1446"]
[BlackElo "2020"]

1. e4 c5 2. a4 Nc6 3. c3 Nf6 4. d3 d5 5. Nd2 d4 6. Nb1 e5 7. f3 Be6 8. Nd2 Be7
9. g3 h6 10. h4 Rg8 11. g4 Nh7 12. Nb3 Bxh4+ 13. Ke2 Bg5 14. Nxc5 Qe7 15. Nxe6
Qxe6 16. Bxg5 Nxg5 17. Kf2 Rh8 18. Be2 Qg6 19. Nh3 Nxh3+ 20. Ke1 Nf4 21. Kd2 Qg5
22. Kc2 Nxe2 23. Qxe2 dxc3 24. bxc3 Rc8 25. Kb3 Na5+ 26. Kc2 Ke7 27. Rab1 b6 28.
Rh5 Qf6 29. Rb5 Qc6 30. Rhxe5+ Kf8 31. c4 a6 0-1

[Event "AUTO-OPEN-2124"]
[Site "http://www.queenalice.com/game.php?id=842093"]
[Date "2010.10.5"]
[Round "1"]
[White "califkid"]
[Black "RodriguesL"]
[Result "1-0"]
[WhiteElo "1992"]
[BlackElo "1343"]

1. d4 d5 2. c4 e6 3. Nf3 Nf6 4. Bg5 Be7 5. Nc3 Bd7 6. e3 Bc6 7. Ne5 O-O 8. Nxc6
Nxc6 9. Qb3 Ng4 10. Bxe7 Qxe7 11. Be2 Qh4 12. g3 Qh3 13. Bxg4 Qxg4 14. O-O Na5
15. Qa4 Nxc4 16. Qc2 a6 17. b3 Nb6 18. Kg2 Nd7 19. f3 Qg5 20. f4 Qh5 21. h3 Nf6
22. g4 Nxg4 23. hxg4 Qxg4+ 24. Kf2 c6 25. Rg1 Qh4+ 26. Rg3 b5 27. Rg1 Qh2+ 28.
R1g2 Qh4 29. Kg1 Qe7 30. Rxg7+ Kh8 31. Rxh7# 1-0

[Event "AUTO-OPEN-2124"]
[Site "http://www.queenalice.com/game.php?id=842094"]
[Date "2010.10.5"]
[Round "1"]
[White "RodriguesL"]
[Black "califkid"]
[Result "0-1"]
[WhiteElo "1332"]
[BlackElo "1994"]

1. e4 c5 2. Bc4 e6 3. e5 Nc6 4. Nf3 Nge7 5. d4 cxd4 6. Nxd4 Nxe5 7. Bd3 Nd5 8.
Be3 Nxe3 9. fxe3 Qg5 10. e4 Qxg2 11. Rf1 Qxh2 12. Nc3 Bb4 13. Qe2 Qh4+ 14. Rf2
a6 15. O-O-O Bxc3 16. Kb1 Bxd4 17. Rff1 b5 18. Qg2 g6 19. Qd2 Qe7 20. Qh6 Qb4
21. Kc1 Qxb2+ 22. Kd2 Nxd3 23. Kxd3 Qc3+ 24. Ke2 Qxc2+ 25. Rd2 Qc4+ 26. Kf3 Qc3+
27. Ke2 Qc4+ 28. Ke1 Be5 29. Rdf2 Qxe4+ 30. Kd1 f5 31. Qc1 O-O 32. Qc5 Bd4 33.
Qc2 Bxf2 34. Qxe4 fxe4 0-1

[Event "AUTO-ADV-1776"]
[Site "http://www.queenalice.com/game.php?id=848422"]
[Date "2010.10.20"]
[Round "2"]
[White "afonso092"]
[Black "califkid"]
[Result "1-0"]
[WhiteElo "1947"]
[BlackElo "2022"]

1. e4 c5 2. Nf3 Nc6 3. a3 e6 4. Bc4 d5 5. exd5 exd5 6. Be2 d4 7. d3 Bd6 8. O-O
Nf6 9. h3 h6 10. Nbd2 Be6 11. Nh2 Qc7 12. Ndf3 a5 13. Bd2 g5 14. c3 O-O 15. c4
Nh7 16. Re1 a4 17. Nf1 Bd7 18. Kh1 Kg7 19. N3h2 Rfe8 20. Bg4 f5 21. Rxe8 Rxe8
22. Bf3 Nf6 23. Qxa4 Ne5 24. Qc2 Nxf3 25. Nxf3 Re2 26. Qd1 Rxf2 27. Qe1 Bg3 28.
Nxg3 Qxg3 29. Qg1 Rxf3 30. gxf3 Qxf3+ 31. Qg2 Qxd3 32. Kh2 Bc6 33. Qf2 f4 34.
Ba5 Ne4 35. Qe1 Qc2+ 36. Kg1 Qxb2 37. Bc7 f3 38. Be5+ Kg6 39. Qf1 Kf5 40. Qxf3+
Kxe5 41. Rf1 Ke6 42. Qf7+ Kd6 43. Qf8+ Kc7 44. Rf7+ Kb6 45. Qd8+ Ka7 46. Qa5+
1-0

[Event "AUTO-ADV-1776"]
[Site "http://www.queenalice.com/game.php?id=848423"]
[Date "2010.10.20"]
[Round "2"]
[White "califkid"]
[Black "afonso092"]
[Result "1-0"]
[WhiteElo "2007"]
[BlackElo "2032"]

1. d4 d5 2. c4 dxc4 3. e4 e6 4. Bxc4 h6 5. Nc3 Nf6 6. Nf3 Be7 7. O-O O-O 8. e5
Nh7 9. a3 b6 10. Qe2 Bb7 11. Bd3 Ng5 12. Nxg5 Bxg5 13. Ne4 Bxc1 14. Raxc1 Nc6
15. d5 Qxd5 16. Nf6+ gxf6 17. Qg4+ Kh8 18. Be4 Qxe5 19. Bxc6 Bxc6 20. Rxc6 Rg8
21. Qh3 Kh7 22. Qd3+ f5 23. Qc2 Rac8 24. Qc1 Qe4 25. g3 Qe5 26. Re1 Qd6 27. Rxd6
1-0

[Event "AUTO-ADV-1776"]
[Site "http://www.queenalice.com/game.php?id=848428"]
[Date "2010.10.20"]
[Round "2"]
[White "califkid"]
[Black "mouderjr"]
[Result "1-0"]
[WhiteElo "1992"]
[BlackElo "1974"]

1. d4 d5 2. c4 c6 3. Nf3 h6 4. Nc3 Nf6 5. e3 Bg4 6. Qb3 Bc8 7. cxd5 Nxd5 8. Bc4
e6 9. Bd2 Bd6 10. Ne4 Be7 11. O-O Nd7 12. Ng3 N7f6 13. Bd3 O-O 14. e4 Nc7 15. e5
Nfd5 16. Qc2 f5 17. exf6 Bxf6 18. Nh5 Qe8 19. Bg6 Qe7 20. Nxf6+ Rxf6 21. Rae1
Bd7 22. Ne5 Be8 23. Bh7+ Kf8 24. Ng4 Nb4 25. Qb3 Ncd5 26. Nxf6 gxf6 27. Bxh6+
Kf7 28. Qg3 1-0

[Event "AUTO-ADV-1776"]
[Site "http://www.queenalice.com/game.php?id=848429"]
[Date "2010.10.20"]
[Round "2"]
[White "mouderjr"]
[Black "califkid"]
[Result "1-0"]
[WhiteElo "1920"]
[BlackElo "2003"]

1. Nf3 Nf6 2. c4 c6 3. Nc3 d5 4. cxd5 cxd5 5. d4 Nc6 6. e3 a6 7. Be2 Bf5 8. O-O
e6 9. a3 Bd6 10. Bd3 Ne4 11. Bxe4 dxe4 12. Nd2 Qc7 13. Qh5 Bg6 14. Qh4 Be7 15.
Qg4 f5 16. Qd1 Rd8 17. b4 b5 18. Ne2 Bf7 19. Bb2 Bf6 20. Rc1 g5 21. f3 exf3 22.
Rxf3 Rg8 23. e4 Be7 24. exf5 Qb6 25. Nb3 e5 26. Nc5 Bf6 27. Re3 Kf8 28. Rd3 Kg7
29. Ne6+ Bxe6 30. fxe6 Ne7 31. Rc5 1-0

[Event "AUTO-ADV-1776"]
[Site "http://www.queenalice.com/game.php?id=848430"]
[Date "2010.10.20"]
[Round "2"]
[White "califkid"]
[Black "Santista38"]
[Result "0-1"]
[WhiteElo "1984"]
[BlackElo "1862"]

1. c4 d5 2. e3 dxc4 3. Bxc4 Nf6 4. Nf3 Bg4 5. Qb3 e6 6. Ne5 b6 7. Nxg4 Nxg4 8.
Bxe6 fxe6 9. Qxe6+ Be7 10. Qxg4 O-O 11. b3 Bf6 12. Nc3 Qd3 13. Qc4+ Qxc4 14.
bxc4 Nc6 15. Bb2 Nb4 16. Ke2 Rfe8 17. Na4 Bxb2 18. Nxb2 Rad8 19. Rhd1 Nc6 20.
Kf1 Na5 21. d4 c6 22. c5 bxc5 23. dxc5 Rd5 24. Rxd5 cxd5 25. Rc1 Rc8 26. Nd3 Kf8
27. Ke2 Ke7 28. Nf4 Rd8 0-1

[Event "AUTO-ADV-1776"]
[Site "http://www.queenalice.com/game.php?id=848431"]
[Date "2010.10.20"]
[Round "2"]
[White "Santista38"]
[Black "califkid"]
[Result "0-1"]
[WhiteElo "1847"]
[BlackElo "1941"]

1. d4 d5 2. Bf4 Nf6 3. Nc3 Bf5 4. e3 a6 5. Nf3 e6 6. a3 Nbd7 7. Be2 Nb6 8. O-O
h6 9. Nh4 g5 10. Nxf5 exf5 11. Be5 Nbd7 12. Nxd5 Nxe5 13. Nxf6+ Qxf6 14. dxe5
Qxe5 15. Qd4 Qxd4 16. exd4 Bg7 17. c3 f4 18. g3 fxg3 19. fxg3 O-O 20. Rae1 b5
21. Bg4 Rfe8 22. Re2 Bf8 23. Rfe1 Rxe2 24. Rxe2 Bd6 25. Bf3 Rb8 26. Bc6 Kf8 27.
Rf2 Ke7 28. Kg2 Rb6 29. Bd5 f6 30. Re2+ Kf8 31. Re6 Kg7 32. Re8 f5 33. Rg8+ Kf6
34. Rh8 Kg7 35. Rg8+ Kf6 36. Re8 Kg7 37. h3 Kf6 38. Kf3 Be7 39. g4 fxg4+ 40.
Kxg4 Rd6 41. Bb3 Bd8 42. Rf8+ Kg7 43. Rf7+ Kg6 44. Rf5 h5+ 0-1

[Event "AUTO-ADV-1831"]
[Site "http://www.queenalice.com/game.php?id=908433"]
[Date "2011.3.4"]
[Round "2"]
[White "califkid"]
[Black "peao_malvado"]
[Result "1/2-1/2"]
[WhiteElo "1921"]
[BlackElo "2097"]

1. d4 Nf6 2. f3 d5 3. e4 dxe4 4. Nc3 Bf5 5. fxe4 Nxe4 6. Qf3 Nxc3 7. bxc3 Qd7 8.
Qxb7 Qe6+ 9. Be2 Be4 10. Qb5+ c6 11. Qg5 Bxc2 12. Nf3 h6 13. Qe5 Bf5 14. O-O Nd7
15. Qxe6 Bxe6 16. Bf4 g5 17. Be5 f6 18. Bc7 Rc8 19. Ba5 Bg7 20. Ba6 Rb8 21. Bc7
Rb2 22. Rf2 Rxf2 23. Kxf2 c5 24. a3 Bd5 25. Bb5 Bxf3 26. Kxf3 cxd4 27. cxd4 e6
28. Re1 Ke7 29. Bc4 e5 30. d5 f5 31. g3 g4+ 32. Ke2 f4 33. gxf4 exf4 34. Kd2+
Kf6 35. Bxf4 Nb6 36. Be5+ Kf7 37. Rf1+ Kg8 38. Bxg7 Nxc4+ 39. Kc3 Kxg7 40. Kxc4
Rf8 41. Rg1 h5 42. h3 Rf4+ 43. Kc5 Kf6 44. hxg4 Rxg4 1/2-1/2

[Event "AUTO-ADV-1831"]
[Site "http://www.queenalice.com/game.php?id=908434"]
[Date "2011.3.4"]
[Round "2"]
[White "peao_malvado"]
[Black "califkid"]
[Result "1/2-1/2"]
[WhiteElo "2110"]
[BlackElo "1913"]

1. d4 d5 2. c4 c6 3. Nc3 Nf6 4. Nf3 e6 5. Bg5 dxc4 6. a4 b5 7. axb5 cxb5 8. Nxb5
Qb6 9. Na3 Qxb2 10. Nxc4 Bb4+ 11. Bd2 Bxd2+ 12. Ncxd2 O-O 13. e3 a5 14. Bd3 Nc6
15. O-O Ba6 16. Bxa6 Rxa6 17. Qe2 Qb7 18. Rfb1 Qa7 19. Nb3 a4 20. Nc5 Rb6 21.
Rxb6 Qxb6 22. Rxa4 Qb1+ 23. Qe1 1/2-1/2

[Event "AUTO-ADV-1831"]
[Site "http://www.queenalice.com/game.php?id=908435"]
[Date "2011.3.4"]
[Round "2"]
[White "califkid"]
[Black "Rutty"]
[Result "0-1"]
[WhiteElo "1950"]
[BlackElo "2034"]

1. d4 d5 2. c4 c6 3. e3 Nf6 4. Nc3 Bf5 5. Nf3 e6 6. Nh4 Bg6 7. Qb3 Qc7 8. g3 Be4
9. Nxe4 Nxe4 10. Nf3 Be7 11. c5 b5 12. Bg2 Nd7 13. O-O O-O 14. Ne1 f5 15. f4 Rf6
16. Bf3 Rg6 17. Ng2 Ndf6 18. Nh4 Rh6 19. Ng2 Ng4 20. Bxe4 Nxh2 21. Bf3 Nxf1 22.
Kxf1 g5 23. Qc3 g4 24. Ne1 gxf3 25. Nxf3 Bf6 26. Kf2 Qg7 27. Qe1 Rh3 28. Qg1 Kh8
0-1

[Event "AUTO-ADV-1831"]
[Site "http://www.queenalice.com/game.php?id=908436"]
[Date "2011.3.4"]
[Round "2"]
[White "Rutty"]
[Black "califkid"]
[Result "1-0"]
[WhiteElo "2018"]
[BlackElo "1925"]

1. e4 c5 2. Nf3 e6 3. d4 cxd4 4. Nxd4 Nc6 5. Nc3 a6 6. Nxc6 bxc6 7. e5 Ne7 8.
Bg5 Qb6 9. Rb1 Ng6 10. Qe2 Bb4 11. Bd2 Qd4 12. a3 Ba5 13. b4 Bc7 14. Qe3 Qxe3+
15. Bxe3 Bxe5 16. Na4 O-O 17. c4 d6 18. Bd3 Nf4 19. Bxf4 Bxf4 20. g3 Be5 21. Nb6
Ra7 22. Nxc8 Rxc8 23. Ke2 Bd4 24. f4 c5 25. Rhc1 g6 26. Rc2 Kf8 27. Rb3 Rb8 28.
b5 a5 29. a4 Rd7 30. Kf3 f6 31. g4 Kg7 32. h4 f5 33. h5 Kf7 34. hxg6+ hxg6 35.
Rh2 Kg7 36. Rb1 Rh8 37. Rxh8 1-0